| 000 | 00384cam a22001337a 4500 | ||
|---|---|---|---|
| 008 | 180718b1995 xxu||||| |||| 00| 0 eng d | ||
| 020 | _a8185402531 | ||
| 082 | _aG20x54 K151/2 | ||
| 100 | _aKashyap, Subhash C. | ||
| 245 |
_aHistory of the parliament of India _cby Subhash C. Kashyap |
||
| 260 |
_aNew Delhi _bShipra _c1995 |
||
| 300 | _av.2. | ||
| 650 | _aLegislatures - History - India | ||
| 999 |
_c377541 _d377541 |
||